Several Colors of Scientific Consulting: Ukrainian Cases
Cieľom tejto štúdie je analyzovať a klasifikovať rôzne formy vedeckého poradenstva na základe ich etického zamerania a funkcie v akademických systémoch, pričom predstavuje koncept „vedeckých konzultačných mlynov“ ako komplexný rámec pre pochopenie týchto deformovaných praktík. Štúdia využíva kvalita...
Salvato in:
| Autore principale: | |
|---|---|
| Natura: | Capitolo di libro |
| Lingua: | inglese |
| Soggetti: | |
| Tags: |
Nessun Tag, puoi essere il primo ad aggiungerne!!
|
MARC
| LEADER | 00000naa a2200000 4500 | ||
|---|---|---|---|
| 001 | 0314659 | ||
| 005 | 20260205124139.0 | ||
| 041 | 0 | |a eng | |
| 044 | |a UA | ||
| 245 | 1 | 0 | |a Several Colors of Scientific Consulting: Ukrainian Cases |c Artem Artiukhov |
| 520 | |a Cieľom tejto štúdie je analyzovať a klasifikovať rôzne formy vedeckého poradenstva na základe ich etického zamerania a funkcie v akademických systémoch, pričom predstavuje koncept „vedeckých konzultačných mlynov“ ako komplexný rámec pre pochopenie týchto deformovaných praktík. Štúdia využíva kvalitatívnu obsahovú analýzu ukrajinských a medzinárodných zdrojov, bibliometrický prehľad a konceptuálny typologický prístup vrátane prípadovej štúdie ukrajinskej akademickej krajiny a farebne kódovaného klasifikačného modelu kategorizujúceho poskytovateľov služieb na základe transparentnosti, zákonnosti a etického dodržiavania. | ||
| 610 | 2 | 0 | |a analýza bibliometrická |
| 610 | 2 | 0 | |a kooperácia |
| 610 | 2 | 0 | |a hodnotenie kvality |
| 610 | 2 | 0 | |a univerzity |
| 100 | 1 | |a Artiukhov, Artem, 1983- | |